000 00442nam a2200169Ia 4500
008 180921t2018 xxu||||| |||| 00| 1 sin d
041 _asin
080 _aX8C31
_bLIY
100 _aLiyanapathirana, Mahawila Chandrasisila
245 _aවලාකුළු පව්ව
246 _aWalakulu Pavva
260 _bGodage
_aColombo
_c2018
300 _a240p., 21cm
942 _cBK
999 _c8852
_d8852
003 LK-CoDNM
040 _aLK-CoDNM
_dLK-CoDNM
_eLK-CoDNM